|
|
|
|
| LEADER |
00000nam0a2200000 4500 |
| 001 |
356444 |
| 005 |
20231102010908.0 |
| 035 |
|
|
|a (RuTPU)RU\TPU\retro\13704
|
| 090 |
|
|
|a 356444
|
| 100 |
|
|
|a 20200720d1964 k y0rusy50 ca
|
| 101 |
0 |
|
|a rus
|
| 102 |
|
|
|a RU
|
| 105 |
|
|
|a a z 001zy
|
| 200 |
1 |
|
|a Химический состав низинных торфов Таганского и Петровского болот
|e [оттиск статьи]
|f Г. Н. Блинков, В. С. Козлов
|g Академия наук СССР
|
| 210 |
|
|
|a Красноярск
|c [Б. и.]
|d 1964
|
| 215 |
|
|
|a С. 99-103
|c ил.
|
| 225 |
1 |
|
|a Известия Томского отделения Всесоюзного ботанического общества
|v Т. 5
|
| 320 |
|
|
|a Библиогр.: с. 103
|
| 606 |
1 |
|
|a Торф
|x Структура
|2 stltpush
|3 (RuTPU)RU\TPU\subj\61060
|9 78268
|
| 610 |
1 |
|
|a Томская область
|
| 610 |
1 |
|
|a торфяники
|
| 610 |
1 |
|
|a торфяные удобрения
|
| 610 |
1 |
|
|a азот
|
| 610 |
1 |
|
|a навоз
|
| 610 |
1 |
|
|a компосты
|
| 610 |
1 |
|
|a коллекция ТПУ
|
| 675 |
|
|
|a 552.577
|v 4
|
| 700 |
|
1 |
|a Блинков
|b Г. Н.
|
| 701 |
|
1 |
|a Козлов
|b В. С.
|
| 712 |
0 |
2 |
|a Академия наук СССР (АН СССР)
|c (Ленинград/Москва)
|c (1925-1991)
|2 stltpush
|3 (RuTPU)RU\TPU\col\722
|
| 801 |
|
1 |
|a RU
|b 63413507
|c 20200720
|
| 801 |
|
2 |
|a RU
|b 63413507
|c 20200724
|g RCR
|
| 942 |
|
|
|c BK
|